000 00357 a2200133 4500
000 nam a22 7a 4500
005 20260306151812.0
020 _a9781350380127
100 _aKoenraad Kuiper
_91124039
245 _aAn Introduction to English Language: Word, Sound and Sentence
250 _a5th
260 _bBloomsbury Academic
_c2024
942 _cTEXL
999 _c1701050
_d1701050